Mistrzowie Bułgarii w piłce nożnej - nagła śmierć - Statystyki

Ogólne statystyki
  • Ten quiz został rozwiązany 14 razy
  • Średni wynik to 9 z 16
Answers on the Grid
Answers color-coded by a green-red scale on the quiz's grid according to % correct below.
Botew Płowdiw
Botew Wraca
Łudogorec Razgrad
Arda Kyrdżali
Lewski Sofia
Liteks Łowecz
Akademik Sofia
Szipka Sofia
Beroe Stara Zagora
Sławia Sofia
Septemwri Sofia
CSKA Sofia
CSKA 1948 Sofia
Czerno More Warna
Łokomotiw Płowdiw
FK Montana
Łokomotiw Sofia
AS 23 Sofia
Władysław Warna
Dunaw Ruse
Etyr Wielkie Tyrnowo
Neftochimik Burgas
Spartak Warna
Spartak Płowdiw
Marek Dupnica
SK Sofia
 
Statystyki odpowiedzi
Odpowiedź % Poprawnych
Lewski Sofia
93%
CSKA Sofia
86%
Łokomotiw Płowdiw
86%
Łudogorec Razgrad
71%
Sławia Sofia
71%
Spartak Warna
71%
Botew Płowdiw
64%
Beroe Stara Zagora
50%
Liteks Łowecz
50%
Łokomotiw Sofia
50%
Czerno More Warna
43%
Spartak Płowdiw
36%
AS 23 Sofia
29%
SK Sofia
29%
Etyr Wielkie Tyrnowo
21%
Władysław Warna
14%
Nie znaleziono quizów pasujących do podanych kryteriów
Rozkład punktacji
Procent ludzi z każdym wynikiem
Percentyl według liczby udzielonych odpowiedzi
Twoja historia wyników
Nie rozwiązałeś tego quizu